| 000 | 01083nam a2200361 a 4500 | ||
|---|---|---|---|
| 001 | vtls000041464 | ||
| 003 | NLI | ||
| 005 | 20210601184757.0 | ||
| 008 | 101125s1967 nju 001 eng | ||
| 020 | _c$ 9.00 | ||
| 039 | 9 |
_y201011250354 _zVLOAD |
|
| 040 | 0 |
_aNLI _beng _cVERGIS-2003 |
|
| 041 | 0 | _aeng | |
| 044 | _anju | ||
| 082 | 0 | 4 | _a820.9 |
| 100 | 1 |
_aJohnson, James William _9116607 |
|
| 245 | 1 | 4 |
_aThe formation of English neo - classical thoughts/ _cJames William Johnson |
| 260 |
_aPrinceton, New Jersey: _bThe University Press, _c1967 |
||
| 300 |
_axxi, 359 p.; _c22 cm. |
||
| 500 | _aIncludes index | ||
| 504 | _aBibliography: p. 299-317 | ||
| 650 | 0 |
_aEnglish literature _y18th century _xHistory and criticism _9103168 |
|
| 887 | _aNedunchezhian | ||
| 901 |
_a396345 _b22/03/1970 |
||
| 902 | _aE 820.9 J 633 | ||
| 903 | _a19/05/2004 | ||
| 904 | _aNedunchezhian | ||
| 906 | _a043203 | ||
| 949 |
_AVIRTUAITEM _D10000 _F1 _X100 _6PUR000396345ENG _aE 820.9 J633 |
||
| 942 |
_2ddc _cBKS |
||
| 999 |
_aVIRTUA _c45461 _d45461 |
||
| 999 | _aVTLSSORT0200*9010*9020*9490*9991 | ||